000 00624nam a22001577a 4500
003 OSt
005 20151120163246.0
008 151120b xxu||||| |||| 00| 0 eng d
040 _cRUA
082 _aFIS YIN 1996 B164 Or.1
100 _93972
_aYIN, DARA.
245 _aThe collection of fry from pangasius dia in srok leuk dek of kan dal province, ការប្រមូលកូនត្រីម្សៅពីដាយកូនត្រីប្រាក្នុងស្រុកលើកដែកខេត្តកណ្ដាល
260 _aPhnom Penh
_bRUA
_cRUA
300 _a51p.
_bill.
_c29cm.
942 _2ddc
_cFIS
999 _c3693
_d3693